000 01283nam a2200253Ia 4500
003 Ost
005 20260507074907.0
008 260507s9999||||xx |||||||||||||| ||und||
020 _a9957110926
040 _cfsecg
041 _aara
082 _a657
100 _aمقابلة، خالد
_eمؤلف
245 0 _aمحاسبة الفنادق والمطاعم /
_c خالد مقابلة
250 _aطبعة 2
260 _aعمان:
_bدار وائل للنشر والتوزيع,
_c2005
300 _a374 صفحة؛
_bإيضاحات ؛
_c24 سم
490 _aسلسلة السياحة والفندقة
_v5
504 _aببليوغرافيا: ص.309؛ ملاحق ص.325
520 _aخصائص النشاط الفندقي، مدخل الى محاسبة الفنادق، الدفاتر والقيود المحاسبية، محاسبة الإيرادات والتكاليف، محاسبة الموظفين، الجرد والتسويات الجردية، الموازنات التخطيطية، التحليل الحدي، تحليل حساسية الربح، التحليل المالي والنسب الفندقية، محاسبة الفنادق بإستخدام الكمبيوتر.
653 _aالفنادق
653 _aالمحاسبة
942 _cكتاب
999 _c41710
_d41710